000 00398nam a2200181Ia 4500
001 4737
005 20260306145817.0
008 260306t2010||||xx |||||||||||||| ||spa||
041 _aESP
082 _a330.015195
_bG384 2010
100 _aGujarati, Damodar N.
_eAUT
245 0 _aEconometría
260 _c2010
300 _a
_c
650 _aGEN
654 _aCAN
942 _cLIB
_dJUS
_fJUS
_2ddc
_n
999 _c4737
_d4737